000 00518cam a22002171 4500
001 sa 67007185
003 DLC
005 20260227112413.0
008 890706m19639999ii 000 0 urdr
010 _asa 67007185
035 _a(OCoLC)19968741
040 _aDLC
_cWaU
_dDLC
042 _apremarc
050 0 0 _aBP80.N3
_bA42
100 1 _aNadvi, Syed Sulaiman.
245 1 0 _aMaktūbāt-i Sulaimānī.
260 _c[1963-
300 _av.
_c22 cm.
500 _aIn Urdu.
700 0 _aAbdul Majid,
_d1892-1977.
999 _c76422
_d76422